| 000 | 01270nam a2200361 i 4500 | ||
|---|---|---|---|
| 001 | 28361 | ||
| 003 | KOSZ 005 | ||
| 005 | 20210407121607.0 | ||
| 008 | 961010s1979 uk f f |000 0 eng d | ||
| 020 | _a0471997234 | ||
| 040 |
_cKSZ 005 _aKOSZ 005 _dKOSZ 005/HR |
||
| 046 | _k1979 | ||
| 080 | _a519.61/.64 | ||
| 080 | _a624.01/.07 | ||
| 080 | _a539.3/.6 | ||
| 245 | 0 |
_aEnergy methods in finite element analysis / _ced. by R. Glowinski, E.Y. Rodin, O.C. Zienkiewicz. |
|
| 260 |
_aChichester : _bJohn Wiley and Sons, _c1979. |
||
| 380 | _aKsiążki | ||
| 388 | _a1901-2000 | ||
| 388 | _a1945-1989 | ||
| 490 | 1 | _aWiley Series in Numerical Methods in Engineering | |
| 650 | 4 | _aAnaliza numeryczna | |
| 650 | 4 | _aMetoda elementów skończonych | |
| 650 | 4 | _aMechanika stosowana | |
| 658 | _aInżynieria i technika | ||
| 658 | _aArchitektura i budownictwo | ||
| 700 | 1 |
_aGłowiński, Roland _d(1937- ) _eRedakcja |
|
| 700 | 1 |
_aRodin, E. Y. _eRedakcja |
|
| 700 | 1 |
_aZienkiewicz, Olgierd Cecil _d(1921-2009) _eRedakcja |
|
| 830 | _aWiley Series in Numerical Methods in Engineering | ||
| 856 |
_uhttp://koha.tu.koszalin.pl/cgi-bin/koha/opac-detail.pl?biblionumber=28361 _yKatalog online BPK |
||
| 942 |
_cKS _2UKD |
||
| 999 |
_c28361 _d28361 |
||